000 01108njm a22003017a 4500
005 20100918120820.0
007 sd ammalaaahaa
008 100918t xxu||||| |||| 00| 0 hin d
028 _a3AEX. 5023
_bAngel
035 _aGR-03663
040 _aSED/VEN
100 _920657
_aMangeshkar, Lata
245 _aSehra /
_cby Lata Mangeshkar ; music by Ramlal ; lyrics by Hasrat Jaipuri
_h[sound recording] :
246 _aसेहरा (लता मंगेशकर )
260 _aDum Dum India
_bAngel
_c1963
300 _a1 sound disc [Gramophone record] :
_banalog, 331/3 rpm
_c12 in (LP)
_fGramophone Record
500 _aBrief Record
500 _aAngel
500 _aVoilet
500 _aLong Play
505 _aNa ghar mera na ghar tera part 1 (Sehra) (Hemant Kumar) Punkh hoti to ud aati part 2 (Sehra) (Lata Mangeshkar)
650 _vFilmi Song
_xExcerpts
_zIndia
_920658
_aClassical Music
700 _aRamlal
_920659
700 _920660
_aHasrat Jaipuri
700 _920674
942 _2ddc
_cGR
999 _c46859
_d46859